Statistiche per Riconosci il Calciatore - Quiz n°42

Clicka qui per fare il quiz!

Statistiche generali

  • Questo quiz è stato fatto 7 volte
  • Il punteggio medio è 8 su 17

Statistiche sulle risposte

IndizioRisposta% Corretto
Squadra di club 4Goczałkowice-Zdrój 2021-
100%
Squadra di club 3Borussia Dortmund 2010-2021
83%
RuoloDifensore
83%
NazionalitàPolonia
83%
Squadra di club 2Hertha Berlino 2007-2010
67%
Squadra di club 1Zagłębie Lubin 2004-2007
67%
Data di nascita03/06/1985
50%
Trofei per clubCampionato polacco: 1
Zagłębie Lubin: 2006-2007
Campionato tedesco: 2
Borussia Dortmund: 2010-2011, 2011-2012
Coppa di Germania: 3
Borussia Dortmund: 2011-2012, 2016-2017, 2020-2021
Supercoppa di Germania: 3
Borussia Dortmund: 2013, 2014, 2019
50%
Trofei per nazionali0
33%
Altezza184 cm
33%
Peso75 kg
33%
Trofei individualiCapocannoniere del campionato europeo di calcio Under-19: 1
2004 (4 gol)
33%
Gol in nazionale3
17%
Gol nei club47
17%
Presenze nei club585
17%
Presenze in nazionale66
17%
CalciatoreŁukasz Piszczek
17%

Distribuzione punteggi

Percentile per numero di risposta

Percentuale di utenti per punteggio

I tuoi punteggi nel tempo

Non hai fatto questo quiz